|
|
|
|
| LEADER |
02763nam a2200685 a 4500 |
| 001 |
nkc20132518559 |
| 003 |
CZ PrNK |
| 005 |
20140206075259.0 |
| 007 |
ta |
| 008 |
131106s2013 xr abchf c 001 0dcze |
| 015 |
|
|
|a cnb002518559
|
| 020 |
|
|
|a 978-80-7036-396-6
|q (brož.)
|
| 035 |
|
|
|a (OCoLC)870287646
|
| 040 |
|
|
|a BOA001
|b cze
|
| 041 |
1 |
|
|a cze
|a eng
|h cze
|
| 043 |
|
|
|a e-au---
|a e-xr---
|
| 045 |
|
|
|a v9w7
|
| 072 |
|
7 |
|a 73
|x Sochařství, keramika, porcelán, umělecké zpracování kovů
|2 Konspekt
|9 21
|
| 080 |
|
|
|a 737.2
|2 MRF
|
| 080 |
|
|
|a 929.731
|2 MRF
|
| 080 |
|
|
|a 737:069.5
|2 MRF
|
| 080 |
|
|
|a 069.5
|2 MRF
|
| 080 |
|
|
|a (436)
|2 MRF
|
| 080 |
|
|
|a (437.3)
|2 MRF
|
| 080 |
|
|
|a (083.81)
|2 MRF
|
| 100 |
1 |
|
|a Kleisner, Tomáš,
|d 1971-
|7 jn20000401344
|4 aut
|
| 245 |
1 |
0 |
|a Medaile císaře Ferdinanda Dobrotivého (1793-1875) :
|b kritická edice sbírky Národního muzea = Medals of the Emperor Ferdinand the Good (1793-1875) : collection of the National Museum, Prague /
|c Tomáš Kleisner
|
| 246 |
3 |
|
|a Medals of the Emperor Ferdinand
|
| 246 |
3 |
1 |
|a Medals of the Emperor Ferdinand the Good (1793-1875)
|
| 246 |
1 |
8 |
|a Medaile císaře Ferdinanda =
|b Medals of the Emperor Ferdinand
|
| 250 |
|
|
|a 1st ed.
|
| 260 |
|
|
|a Praha :
|b Národní muzeum,
|c 2013
|
| 300 |
|
|
|a 192 s. :
|b il. (některé barev.), mapy, portréty, faksim. ;
|c 30 cm
|
| 490 |
1 |
|
|a Editio Monographica Musei Nationalis Pragae ;
|v num. 17
|
| 500 |
|
|
|a 200 výt.
|
| 504 |
|
|
|a Obsahuje bibliografie a rejstřík
|
| 546 |
|
|
|a Souběžný anglický text
|
| 600 |
0 |
7 |
|a Ferdinand
|b I.,
|c rakouský císař,
|d 1793-1875
|7 jn20000700516
|2 czenas
|
| 600 |
0 |
9 |
|a Ferdinand
|b I,
|c Emperor of Austria,
|d 1793-1875
|2 eczenas
|
| 610 |
2 |
7 |
|a Národní muzeum (Praha, Česko)
|7 kn20010709075
|2 czenas
|
| 648 |
|
7 |
|a 18.-19. století
|7 ch757018
|2 czenas
|
| 648 |
|
4 |
|a 1793-1875
|
| 650 |
0 |
7 |
|a panovníci
|7 ph117250
|z Rakousko
|y 19. stol.
|2 czenas
|
| 650 |
0 |
7 |
|a medaile
|7 ph115253
|z Rakousko
|y 18.-19. stol.
|2 czenas
|
| 650 |
0 |
7 |
|a numismatické sbírky
|7 ph123368
|z Česko
|2 czenas
|
| 650 |
0 |
7 |
|a muzejní sbírky
|7 ph137908
|z Česko
|2 czenas
|
| 650 |
0 |
9 |
|a medals
|z Austria
|y 18th-19th centuries
|2 eczenas
|
| 650 |
0 |
9 |
|a kings and rulers
|z Austria
|y 19th century
|2 eczenas
|
| 650 |
0 |
9 |
|a numismatic collections
|z Czechia
|2 eczenas
|
| 650 |
0 |
9 |
|a museum collections
|z Czechia
|2 eczenas
|
| 655 |
|
7 |
|a katalogy
|7 fd132535
|2 czenas
|
| 655 |
|
7 |
|a monografie
|7 fd132842
|2 czenas
|
| 655 |
|
9 |
|a catalogs
|2 eczenas
|
| 655 |
|
9 |
|a monographs
|2 eczenas
|
| 830 |
|
0 |
|a Editio Monographica Musei Nationalis Pragae
|0 s
|
| 910 |
2 |
|
|a BOA001
|b 4-1317.152
|
| 990 |
|
|
|a BK
|
| 995 |
|
|
|a 01
|
| 991 |
|
|
|b 201401
|c NOV
|e n
|
| 996 |
6 |
|
|b 2610574192
|c 4-1317.152
|l MZK
|r Sklad / do 1 hodiny
|n 1
|p p.v.
|w 001389532
|u 000010
|a 1
|e BOA001
|j MZK50
|s P
|